[Event "4th GRENKE Open 2019"]
[Site "Karlsruhe"]
[Date "2019.04.22"]
[Round "8.66"]
[White "Bharath Subramaniyam H"]
[Black "Lagunow, Raphael"]
[Result "1/2-1/2"]
[WhiteElo "2301"]
[BlackElo "2428"]
[Annotator "TA"]
[PlyCount "101"]
[EventDate "2019.04.18"]
[EventType "swiss"]
[EventCountry "GER"]
[SourceTitle "playchess.com"]
[Source "ChessBase"]
[SourceQuality "1"]

1. e4 c5 2. Nf3 Nc6 3. d4 cxd4 4. Nxd4 e5 5. Nb5 d6 6. N1c3 a6 7. Na3 Be6 8. Nc4 b5 9. Ne3 Nf6 10. Bd3 g6 11. O-O Bg7 12. a4 b4 13. Ncd5 O-O 14. Bd2 a5 15. c3 bxc3 16. Bxc3 Rb8 17. Qd2 Bh6 18. Nxf6+ Qxf6 19. Bb5 Nd4 20. Bxd4 exd4 21. Ng4 Bxd2 22. Nxf6+ Kg7 23. Nd5 Rfc8 24. Ne7 Rc2 25. Nc6 Rb6 26. Nxd4 Rxb2 27. Nxe6+ fxe6 28. Rfb1 Rc2 29. Bd3 Rxb1+ 30. Rxb1 Ra2 31. Bb5 Bb4 32. f4 Kf6 33. g3 d5 34. exd5 exd5 35. Rd1 d4 36. h3 Bd2 37. Kh1 h5 38. Rf1 Be3 39. g4 h4 40. g5+ Kg7 41. Re1 Bxf4 42. Re7+ Kf8 43. Re8+ Kf7 44. Re4 Ra1+ 45. Kg2 Be3 46. Rxh4 Rg1+ 47. Kf3 Rxg5 48. Rh7+ Kf6 49. Ra7 Bd2 50. Bd3 Rg1 51. Ke4 1/2-1/2

[Event "4th GRENKE Open 2019"]
[Site "Karlsruhe"]
[Date "2019.04.22"]
[Round "8.67"]
[White "Schitco, Ivan"]
[Black "Neukirchner, Pascal"]
[Result "1-0"]
[WhiteElo "2424"]
[BlackElo "2307"]
[Annotator "TA"]
[PlyCount "45"]
[EventDate "2019.04.18"]
[EventType "swiss"]
[EventCountry "GER"]
[SourceTitle "playchess.com"]
[Source "ChessBase"]
[SourceQuality "1"]

1. d4 Nf6 2. c4 c5 3. d5 b5 4. cxb5 a6 5. e3 g6 6. Nc3 Bg7 7. a4 O-O 8. Nf3 Bb7 9. Ra3 e6 10. dxe6 fxe6 11. Be2 d5 12. O-O a5 13. e4 Qb6 14. Ne5 Nxe4 15. Nxe4 Bxe5 16. Ng5 h6 17. Qc2 Rf5 18. Nf3 Bg7 19. Nh4 Nd7 20. Nxg6 Qd6 21. Rg3 Nf8 22. Ne7+ Qxe7 23. Bxh6 1-0

[Event "4th GRENKE Open 2019"]
[Site "Karlsruhe"]
[Date "2019.04.22"]
[Round "8.68"]
[White "Fischer, Sebastian"]
[Black "Inkiov, Ventzislav"]
[Result "1-0"]
[WhiteElo "2286"]
[BlackElo "2421"]
[Annotator "TA"]
[PlyCount "65"]
[EventDate "2019.04.18"]
[EventType "swiss"]
[EventCountry "GER"]
[SourceTitle "playchess.com"]
[Source "ChessBase"]
[SourceQuality "1"]

1. d4 d6 2. e4 Nf6 3. Bd3 e5 4. c3 Be7 5. Nf3 Nbd7 6. O-O O-O 7. Bc2 Re8 8. Re1 Bf8 9. Nbd2 b6 10. Nf1 Bb7 11. Ng3 h6 12. a4 a5 13. Rb1 d5 14. Nxe5 Nxe5 15. dxe5 Nxe4 16. Nxe4 dxe4 17. Qxd8 Raxd8 18. Bf4 g5 19. Bg3 Bg7 20. e6 Rxe6 21. Bxc7 Rd2 22. Bb3 Rf6 23. Bg3 e3 24. Rxe3 h5 25. h4 Bh6 26. Re8+ Bf8 27. hxg5 Rf5 28. Rd1 Rxd1+ 29. Bxd1 Rxg5 30. Rb8 h4 31. Bxh4 Rxg2+ 32. Kf1 Rh2 33. Be7 1-0

[Event "4th GRENKE Open 2019"]
[Site "Karlsruhe"]
[Date "2019.04.22"]
[Round "8.69"]
[White "Rosner, Jonas"]
[Black "Kueppers, Timo"]
[Result "0-1"]
[WhiteElo "2416"]
[BlackElo "2302"]
[Annotator "TA"]
[PlyCount "28"]
[EventDate "2019.04.18"]
[EventType "swiss"]
[EventCountry "GER"]
[SourceTitle "playchess.com"]
[Source "ChessBase"]
[SourceQuality "1"]

1. e4 c5 2. Nf3 d6 3. d4 cxd4 4. Nxd4 Nf6 5. Nc3 a6 6. f3 e6 7. Be3 b5 8. Qd2 Nbd7 9. g4 b4 10. Na4 h6 11. O-O-O Ne5 12. b3 Bd7 13. Nb2 d5 14. Bf4 Ng6 0-1

[Event "4th GRENKE Open 2019"]
[Site "Karlsruhe"]
[Date "2019.04.22"]
[Round "8.70"]
[White "Faerber, David"]
[Black "Gokerkan, Cem Kaan"]
[Result "0-1"]
[WhiteElo "2282"]
[BlackElo "2413"]
[Annotator "TA"]
[PlyCount "62"]
[EventDate "2019.04.18"]
[EventType "swiss"]
[EventCountry "GER"]
[SourceTitle "playchess.com"]
[Source "ChessBase"]
[SourceQuality "1"]

1. e4 c5 2. Nf3 d6 3. Nc3 Nf6 4. d4 cxd4 5. Nxd4 a6 6. h3 e5 7. Nde2 h5 8. Bg5 Be6 9. Bxf6 Qxf6 10. Nd5 Qd8 11. Qd3 Nd7 12. O-O-O g6 13. Kb1 Nc5 14. Qa3 Bg7 15. Nec3 O-O 16. h4 b5 17. f3 f5 18. exf5 gxf5 19. Be2 Rb8 20. b4 e4 21. bxc5 b4 22. Qxa6 bxc3+ 23. Ka1 Rb2 24. Bc4 Rxc2 25. a4 Rf2 26. Rc1 Qb8 27. Qb6 Rb2 28. Qxb8 Rfxb8 29. c6 c2 30. c7 R2b4+ 31. Ka2 Rxa4# 0-1

[Event "4th GRENKE Open 2019"]
[Site "Karlsruhe"]
[Date "2019.04.22"]
[Round "8.71"]
[White "Kathmale, Sameer"]
[Black "Parvanyan, Ashot"]
[Result "1/2-1/2"]
[WhiteElo "2279"]
[BlackElo "2409"]
[Annotator "TA"]
[PlyCount "118"]
[EventDate "2019.04.18"]
[EventType "swiss"]
[EventCountry "GER"]
[SourceTitle "playchess.com"]
[Source "ChessBase"]
[SourceQuality "1"]

1. e4 e6 2. d4 d5 3. Nc3 Bb4 4. exd5 exd5 5. Bd3 c6 6. Nge2 Ne7 7. O-O O-O 8. Ng3 Ng6 9. Qh5 Nd7 10. Bg5 Nf6 11. Qf3 Be7 12. Nf5 Bxf5 13. Bxf5 Ne8 14. Bxe7 Qxe7 15. Rfe1 Qb4 16. Qd3 Nd6 17. a3 Qc4 18. Qxc4 Nxc4 19. b3 Nd6 20. Bxg6 hxg6 21. a4 a5 22. g3 g5 23. Kg2 f6 24. g4 Rfe8 25. f3 Kf7 26. Rxe8 Rxe8 27. Kf2 Rh8 28. Kg2 Ke7 29. Re1+ Kd7 30. Kg3 Ne8 31. Rh1 Nc7 32. h4 Ne6 33. Ne2 b5 34. axb5 cxb5 35. h5 Rc8 36. c3 b4 37. Rc1 bxc3 38. Rc2 Rc6 39. Kf2 Nf4 40. Nxc3 f5 41. Ke3 fxg4 42. fxg4 Rb6 43. Rb2 Rb4 44. Na2 Rb8 45. b4 Re8+ 46. Kf3 Nd3 47. Rb3 Nxb4 48. Nxb4 Rb8 49. Ke2 Rxb4 50. Rf3 Rxd4 51. Rf5 Re4+ 52. Kd3 Rxg4 53. Rxd5+ Ke6 54. Rxa5 Kf6 55. Ke3 Rf4 56. Rb5 Rf1 57. Ke2 Rf5 58. Rb6+ Kf7 59. Rg6 g4 1/2-1/2

[Event "4th GRENKE Open 2019"]
[Site "Karlsruhe"]
[Date "2019.04.22"]
[Round "8.72"]
[White "Roseneck, Jonas"]
[Black "Seresin, Francesco"]
[Result "0-1"]
[WhiteElo "2407"]
[BlackElo "2300"]
[Annotator "TA"]
[PlyCount "60"]
[EventDate "2019.04.18"]
[EventType "swiss"]
[EventCountry "GER"]
[SourceTitle "playchess.com"]
[Source "ChessBase"]
[SourceQuality "1"]

1. e4 c6 2. d4 d5 3. e5 Bf5 4. h4 h5 5. Bd3 Bxd3 6. Qxd3 Qa5+ 7. Nd2 e6 8. Ngf3 Ne7 9. O-O Qa6 10. c4 Nf5 11. Qc3 dxc4 12. Nxc4 Nd7 13. Bg5 Nb6 14. Ne3 Ne7 15. Bxe7 Bxe7 16. g3 O-O-O 17. a4 Qe2 18. Kg2 Nd5 19. Nxd5 Rxd5 20. b4 Kb8 21. Rfc1 Qe4 22. b5 c5 23. b6 Rxd4 24. bxa7+ Ka8 25. Re1 Qd5 26. Re3 g5 27. Kg1 gxh4 28. Qe1 Rg4 29. Rd1 Qc6 30. Nh2 hxg3 0-1

[Event "4th GRENKE Open 2019"]
[Site "Karlsruhe"]
[Date "2019.04.22"]
[Round "8.73"]
[White "Benkovic, Petar"]
[Black "Niermann, Tristan"]
[Result "1-0"]
[WhiteElo "2405"]
[BlackElo "2295"]
[Annotator "NA RC"]
[PlyCount "93"]
[EventDate "2019.04.18"]
[EventType "swiss"]
[EventCountry "GER"]
[SourceTitle "playchess.com"]
[Source "ChessBase"]
[SourceQuality "1"]

1. Nf3 d5 2. g3 Nf6 3. Bg2 Bf5 4. O-O e6 5. b3 Be7 6. Bb2 h6 7. c4 c6 8. d3 Nbd7 9. Nbd2 Bh7 10. a3 a5 11. Ra2 O-O 12. Qa1 b5 13. Ne5 Nxe5 14. Bxe5 b4 15. a4 Rc8 16. Rc1 Qb6 17. Nf3 Rfd8 18. cxd5 cxd5 19. Rac2 Qa6 20. Bc7 Re8 21. Rc6 Qa8 22. Ne5 Bd8 23. Qd4 Bxc7 24. Rxc7 Rxc7 25. Rxc7 Rc8 26. Qc5 Rxc7 27. Qxc7 Bg6 28. Nc6 e5 29. Ne7+ Kh7 30. Qxe5 Qa7 31. Nxd5 Nxd5 32. Qxd5 Qc7 33. Be4 Qc2 34. Bxg6+ Kxg6 35. e4 f6 36. Kg2 h5 37. h4 Kh6 38. Qc4 Qd1 39. d4 g5 40. hxg5+ fxg5 41. Qe6+ Kh7 42. Qf7+ Kh6 43. Qf6+ Kh7 44. Qf3 Qxd4 45. Qxh5+ Kg7 46. Qxg5+ Kh7 47. Qd5 1-0

[Event "4th GRENKE Open 2019"]
[Site "Karlsruhe"]
[Date "2019.04.22"]
[Round "8.74"]
[White "Sawlin, Leonid"]
[Black "Ciolek, Andreas"]
[Result "1/2-1/2"]
[WhiteElo "2402"]
[BlackElo "2284"]
[Annotator "TA"]
[PlyCount "56"]
[EventDate "2019.04.18"]
[EventType "swiss"]
[EventCountry "GER"]
[SourceTitle "playchess.com"]
[Source "ChessBase"]
[SourceQuality "1"]

1. Nf3 Nf6 2. d4 d5 3. c4 c6 4. e3 e6 5. Nbd2 Nbd7 6. Be2 Bd6 7. O-O O-O 8. b3 e5 9. dxe5 Nxe5 10. Bb2 Ng6 11. cxd5 cxd5 12. Rc1 Re8 13. Re1 Qe7 14. Bb5 Rd8 15. Bd3 Ne4 16. Qc2 Bf5 17. Bxe4 Bxe4 18. Nxe4 dxe4 19. Nd2 Bxh2+ 20. Kxh2 Qd6+ 21. Kg1 Qxd2 22. Red1 Qa5 23. Rxd8+ Rxd8 24. Bd4 Qd5 25. Qc7 h6 26. Rc5 Qd7 27. Qxd7 Rxd7 28. Rc8+ Kh7 1/2-1/2

[Event "4th GRENKE Open 2019"]
[Site "Karlsruhe"]
[Date "2019.04.22"]
[Round "8.75"]
[White "Frank, Emanuel"]
[Black "Menezes, Christoph"]
[Result "0-1"]
[WhiteElo "2277"]
[BlackElo "2399"]
[Annotator "TA"]
[PlyCount "68"]
[EventDate "2019.04.18"]
[EventType "swiss"]
[EventCountry "GER"]
[SourceTitle "playchess.com"]
[Source "ChessBase"]
[SourceQuality "1"]

1. d4 Nf6 2. c4 e6 3. g3 c5 4. d5 exd5 5. cxd5 d6 6. Nc3 g6 7. Bg2 Bg7 8. Nf3 O-O 9. O-O Re8 10. Bf4 Bf5 11. Nh4 Bg4 12. h3 Nh5 13. hxg4 Nxf4 14. gxf4 Qxh4 15. e3 Nd7 16. Nb5 Rad8 17. g5 a6 18. Nxd6 Ne5 19. fxe5 Bxe5 20. f4 Bxd6 21. Rf3 Qg4 22. Rh3 Qf5 23. Qd2 c4 24. Qd4 Rc8 25. Rf1 Bc5 26. Qc3 Rxe3 27. Rxe3 Re8 28. Qxc4 Bxe3+ 29. Kh2 b5 30. Qc7 Qg4 31. Be4 h5 32. Bd3 h4 33. f5 Bd4 34. Re1 Rf8 0-1

[Event "4th GRENKE Open 2019"]
[Site "Karlsruhe"]
[Date "2019.04.22"]
[Round "8.76"]
[White "Domingo Nunez, Alejandro"]
[Black "Riess, Alexander"]
[Result "0-1"]
[WhiteElo "2396"]
[BlackElo "2282"]
[Annotator "TA"]
[PlyCount "96"]
[EventDate "2019.04.18"]
[EventType "swiss"]
[EventCountry "GER"]
[SourceTitle "playchess.com"]
[Source "ChessBase"]
[SourceQuality "1"]

1. e4 e5 2. Nf3 Nc6 3. Bc4 Bc5 4. c3 Nf6 5. d3 h6 6. O-O d6 7. Bb3 O-O 8. h3 Re8 9. Re1 a6 10. Nbd2 Ba7 11. Nf1 Be6 12. Bc2 d5 13. Qe2 d4 14. Bd2 Nd7 15. c4 b5 16. b4 Ne7 17. c5 a5 18. a3 a4 19. Ng3 Ng6 20. Qd1 Nh4 21. Nh2 c6 22. Qh5 Bb8 23. Ng4 Ng6 24. Nf5 Nf6 25. Nxf6+ Qxf6 26. g3 Bc7 27. Bd1 Rad8 28. h4 Ne7 29. Nxe7+ Rxe7 30. Kg2 Qg6 31. Rf1 Qh7 32. f4 f5 33. Qf3 Rf8 34. fxe5 Ref7 35. Qe2 fxe4 36. Rxf7 Rxf7 37. dxe4 Bxe5 38. Qe1 Qg6 39. h5 Qf6 40. Rc1 d3 41. Rc3 Bxc3 42. Bxc3 d2 43. Bxd2 Qb2 44. Kg1 Rd7 45. Bc3 Rxd1 46. Qxd1 Qxc3 47. Qd6 Qe1+ 48. Kh2 Qxe4 0-1

[Event "4th GRENKE Open 2019"]
[Site "Karlsruhe"]
[Date "2019.04.22"]
[Round "8.77"]
[White "Van Kerkhof, David"]
[Black "Odnorozhenko, Evgenyi"]
[Result "1-0"]
[WhiteElo "2389"]
[BlackElo "2275"]
[Annotator "TA"]
[PlyCount "79"]
[EventDate "2019.04.18"]
[EventType "swiss"]
[EventCountry "GER"]
[SourceTitle "playchess.com"]
[Source "ChessBase"]
[SourceQuality "1"]

1. e4 b6 2. d4 Bb7 3. Bd3 Nf6 4. Qe2 Nc6 5. c3 e5 6. Nf3 d6 7. O-O Nd7 8. Rd1 Be7 9. d5 Ncb8 10. c4 Nf8 11. Nc3 Ng6 12. Bc2 O-O 13. Rb1 Bc8 14. b4 a5 15. a3 axb4 16. axb4 f5 17. exf5 Bxf5 18. Bxf5 Rxf5 19. g3 Qf8 20. Kg2 Nd7 21. Qe4 Rf7 22. Qg4 Qd8 23. h4 Ngf8 24. Qh3 h6 25. Bb2 Qc8 26. Ra1 Rxa1 27. Rxa1 c6 28. Qg4 cxd5 29. cxd5 Qb7 30. Qc4 Nb8 31. Nd2 Nfd7 32. Nde4 Nf6 33. Nxf6+ Bxf6 34. Nb5 Qd7 35. Ra7 Qd8 36. Ra8 Rb7 37. Bc1 Kh7 38. Be3 Qd7 39. Qc2+ Kg8 40. Nxd6 1-0

[Event "4th GRENKE Open 2019"]
[Site "Karlsruhe"]
[Date "2019.04.22"]
[Round "8.78"]
[White "Bluebaum, Karl-Ernst"]
[Black "Percivaldi, Martin"]
[Result "1/2-1/2"]
[WhiteElo "2266"]
[BlackElo "2388"]
[Annotator "TA"]
[PlyCount "77"]
[EventDate "2019.04.18"]
[EventType "swiss"]
[EventCountry "GER"]
[SourceTitle "playchess.com"]
[Source "ChessBase"]
[SourceQuality "1"]

1. d4 d5 2. c4 dxc4 3. e4 Nf6 4. e5 Nd5 5. Bxc4 Nb6 6. Bd3 Nc6 7. Be3 Nb4 8. Be4 f5 9. exf6 exf6 10. Nc3 f5 11. Bb1 N4d5 12. Nf3 Nxe3 13. fxe3 Bd6 14. O-O O-O 15. e4 fxe4 16. Qb3+ Kh8 17. Nxe4 Be7 18. Bc2 Qd5 19. Rae1 Bf5 20. Nc3 Qxb3 21. Bxb3 Bd6 22. Ne4 Bb4 23. Re3 Rae8 24. Ne5 g6 25. Ng3 Bc8 26. a3 Bd2 27. Re2 Bh6 28. Rxf8+ Rxf8 29. Nf7+ Kg7 30. Nxh6 Kxh6 31. Re7 Bd7 32. Ne4 Re8 33. Rxe8 Bxe8 34. d5 Bf7 35. Nc5 Bxd5 36. Bxd5 Nxd5 37. Nxb7 Ne3 38. Nc5 Nc4 39. Nd3 1/2-1/2

[Event "4th GRENKE Open 2019"]
[Site "Karlsruhe"]
[Date "2019.04.22"]
[Round "8.79"]
[White "Ashwath, R.."]
[Black "Biastoch, Bennet"]
[Result "1-0"]
[WhiteElo "2388"]
[BlackElo "2261"]
[Annotator "TA"]
[PlyCount "51"]
[EventDate "2019.04.18"]
[EventType "swiss"]
[EventCountry "GER"]
[SourceTitle "playchess.com"]
[Source "ChessBase"]
[SourceQuality "1"]

1. d4 d5 2. c4 c6 3. cxd5 cxd5 4. Bf4 Nf6 5. Nc3 Nc6 6. e3 a6 7. Bd3 Bg4 8. Nge2 e6 9. Rc1 Bd6 10. f3 Bh5 11. O-O O-O 12. Na4 Bg6 13. Nc5 Bxd3 14. Qxd3 Bxf4 15. Nxf4 Qe7 16. Rfe1 Na5 17. e4 Rfd8 18. Qc3 b6 19. exd5 Qd6 20. dxe6 bxc5 21. exf7+ Kxf7 22. Ne6 Re8 23. dxc5 Qd7 24. Rcd1 Qa4 25. b3 Qxa2 26. Rd7+ 1-0

[Event "4th GRENKE Open 2019"]
[Site "Karlsruhe"]
[Date "2019.04.22"]
[Round "8.80"]
[White "Kosakowski, Jakub"]
[Black "Alok Sinha"]
[Result "1-0"]
[WhiteElo "2381"]
[BlackElo "2271"]
[Annotator "TA"]
[PlyCount "49"]
[EventDate "2019.04.18"]
[EventType "swiss"]
[EventCountry "GER"]
[SourceTitle "playchess.com"]
[Source "ChessBase"]
[SourceQuality "1"]

1. e4 c5 2. Nf3 d6 3. Bb5+ Nc6 4. O-O Bd7 5. Re1 Nf6 6. c3 a6 7. Bc4 b5 8. Bf1 e5 9. h3 g5 10. Nxg5 Rg8 11. d3 h6 12. Nf3 Bxh3 13. a4 b4 14. Nbd2 Qd7 15. Nc4 Rd8 16. Nh4 Be7 17. Ne3 d5 18. Qf3 d4 19. Nd5 Nh7 20. Nxe7 Kxe7 21. c4 Bg4 22. Qg3 Ng5 23. Kh1 Be6 24. Qh2 Rdf8 25. Be2 1-0

[Event "4th GRENKE Open 2019"]
[Site "Karlsruhe"]
[Date "2019.04.22"]
[Round "8.81"]
[White "Lavrinenkov, Vadim"]
[Black "Grigorian, Spartak"]
[Result "1-0"]
[WhiteElo "2256"]
[BlackElo "2384"]
[Annotator "TA"]
[PlyCount "119"]
[EventDate "2019.04.18"]
[EventType "swiss"]
[EventCountry "GER"]
[SourceTitle "playchess.com"]
[Source "ChessBase"]
[SourceQuality "1"]

1. d4 Nf6 2. Nf3 d5 3. c4 e6 4. Nc3 a6 5. cxd5 exd5 6. Bg5 Be6 7. e3 Nbd7 8. Bd3 Be7 9. O-O O-O 10. h3 Re8 11. Bf4 c5 12. dxc5 Nxc5 13. Bc2 Qb6 14. Be5 Rad8 15. Rc1 Qa7 16. Nd4 Qa8 17. Nf5 Bxf5 18. Bxf5 Ne6 19. Ne2 g6 20. Bb1 Ne4 21. Nd4 N4c5 22. a3 Bf8 23. Ba2 Nd7 24. Nxe6 fxe6 25. Bc7 Rc8 26. Bxd5 Nc5 27. Bb6 Red8 28. Bxd8 Rxd8 29. Rxc5 Bxc5 30. Bxe6+ Kh8 31. Qb3 Bf8 32. Bd5 Bg7 33. Bxb7 Rb8 34. Bxa8 Rxb3 35. Rb1 a5 36. Bd5 Rxb2 37. Rxb2 Bxb2 38. a4 g5 39. Kf1 Kg7 40. Ke2 Kf6 41. f4 h5 42. Kf3 Bc1 43. g3 h4 44. gxh4 gxf4 45. Kxf4 Kg6 46. Bf3 Bd2 47. Ke4 Kf6 48. Kd4 Be1 49. h5 Bf2 50. Kd3 Bg3 51. Be4 Kg5 52. Bg6 Be5 53. Ke4 Bb2 54. Kd5 Bc3 55. Ke6 Bd2 56. e4 Bc3 57. h4+ Kf4 58. h6 Bb2 59. h7 Bc3 60. Kf7 1-0

[Event "4th GRENKE Open 2019"]
[Site "Karlsruhe"]
[Date "2019.04.22"]
[Round "8.82"]
[White "Haast, Mark"]
[Black "Schmider, Niklas"]
[Result "1-0"]
[WhiteElo "2381"]
[BlackElo "2260"]
[Annotator "TA"]
[PlyCount "127"]
[EventDate "2019.04.18"]
[EventType "swiss"]
[EventCountry "GER"]
[SourceTitle "playchess.com"]
[Source "ChessBase"]
[SourceQuality "1"]

1. c4 c5 2. g3 Nc6 3. Bg2 g6 4. Nc3 Bg7 5. Nf3 e6 6. d4 cxd4 7. Nb5 d5 8. cxd5 Qa5+ 9. Nd2 Qxb5 10. dxc6 Ne7 11. a4 Qb6 12. cxb7 Bxb7 13. Nc4 Qb4+ 14. Bd2 Qxc4 15. Bxb7 Rb8 16. Rc1 Qa2 17. Ba6 O-O 18. b4 Qa3 19. Bc4 Rfc8 20. O-O Nd5 21. Bxd5 exd5 22. Bf4 Ra8 23. Rb1 Rc4 24. Qb3 Qxb3 25. Rxb3 Re8 26. a5 a6 27. b5 axb5 28. Rxb5 h6 29. Rb8 Rxb8 30. Bxb8 d3 31. exd3 Rb4 32. Ba7 Ra4 33. Bb6 Bc3 34. Rc1 Bxa5 35. Rc8+ Kg7 36. Ra8 Ra1+ 37. Kg2 Bc3 38. Rd8 Ra6 39. Bc5 Kf6 40. Rxd5 Ke6 41. Rd8 f5 42. d4 Ra2 43. d5+ Kf7 44. Rf8+ Kg7 45. Rc8 Be5 46. Re8 Bf6 47. Rb8 Rc2 48. Rb7+ Kg8 49. Be3 g5 50. d6 Rc8 51. d7 Rd8 52. Bb6 Rf8 53. Bc5 Rd8 54. Kf3 h5 55. Ke3 Kh8 56. Bd4 f4+ 57. gxf4 gxf4+ 58. Ke4 Bxd4 59. Kxd4 Kg7 60. Ke5 Kf7 61. Kd6 Kf6 62. Rc7 Ra8 63. Rc8 Ra6+ 64. Kc5 1-0

[Event "4th GRENKE Open 2019"]
[Site "Karlsruhe"]
[Date "2019.04.22"]
[Round "8.83"]
[White "Wild, Achim"]
[Black "Gschnitzer, Adrian"]
[Result "0-1"]
[WhiteElo "2253"]
[BlackElo "2380"]
[Annotator "TA"]
[PlyCount "56"]
[EventDate "2019.04.18"]
[EventType "swiss"]
[EventCountry "GER"]
[SourceTitle "playchess.com"]
[Source "ChessBase"]
[SourceQuality "1"]

1. Nf3 Nf6 2. c4 c5 3. d4 cxd4 4. Nxd4 Nc6 5. Nc3 e6 6. a3 Be7 7. e4 O-O 8. Nf3 Qa5 9. Bd2 Qh5 10. Be2 d5 11. cxd5 exd5 12. exd5 Nxd5 13. O-O Rd8 14. Nd4 Qe5 15. Nf3 Qf5 16. Qa4 Be6 17. Nxd5 Rxd5 18. Bc3 Qg6 19. Rfd1 a6 20. Rxd5 Bxd5 21. Qf4 Re8 22. Qg3 Bxa3 23. Qxg6 hxg6 24. Bxa6 Bxb2 25. Bxb2 bxa6 26. Rxa6 Rb8 27. Bc3 Rb1+ 28. Ne1 Nd4 0-1

[Event "4th GRENKE Open 2019"]
[Site "Karlsruhe"]
[Date "2019.04.22"]
[Round "8.84"]
[White "Zeller, Frank"]
[Black "Kivisto, Mikko"]
[Result "1-0"]
[WhiteElo "2377"]
[BlackElo "2253"]
[Annotator "TA"]
[PlyCount "37"]
[EventDate "2019.04.18"]
[EventType "swiss"]
[EventCountry "GER"]
[SourceTitle "playchess.com"]
[Source "ChessBase"]
[SourceQuality "1"]

1. e4 d5 2. exd5 Qxd5 3. Nc3 Qd8 4. Bc4 Nf6 5. Nf3 c6 6. d4 b5 7. Bb3 e6 8. O-O a5 9. a4 b4 10. Ne2 Be7 11. Re1 O-O 12. Nf4 Nd5 13. Ne5 Bb7 14. Qg4 Nxf4 15. Bxf4 Bc8 16. Rad1 Qe8 17. Bh6 Bf6 18. Rd3 g6 19. Qf4 1-0

[Event "4th GRENKE Open 2019"]
[Site "Karlsruhe"]
[Date "2019.04.22"]
[Round "8.85"]
[White "Bethke, Richard"]
[Black "Ambartsumova, Karina"]
[Result "1-0"]
[WhiteElo "2244"]
[BlackElo "2377"]
[Annotator "TA"]
[PlyCount "69"]
[EventDate "2019.04.18"]
[EventType "swiss"]
[EventCountry "GER"]
[SourceTitle "playchess.com"]
[Source "ChessBase"]
[SourceQuality "1"]

1. e4 c5 2. Nf3 e6 3. d4 cxd4 4. Nxd4 Nc6 5. Nc3 Qc7 6. Be2 Nf6 7. O-O Be7 8. Kh1 a6 9. f4 d6 10. Bf3 O-O 11. Be3 Bd7 12. Qe1 Nxd4 13. Bxd4 Bc6 14. f5 e5 15. Bf2 b5 16. a3 a5 17. Rd1 b4 18. Nb1 Rab8 19. b3 Bb5 20. Rg1 Qxc2 21. axb4 axb4 22. Rc1 Qxb3 23. Nd2 Qd3 24. g4 Rfc8 25. g5 Nd7 26. Rb1 Rc2 27. Be3 Ba6 28. Rg3 b3 29. Bg4 f6 30. g6 Bf8 31. Rh3 b2 32. Rxh7 Rc1 33. Bd1 Rxd1 34. Rxd1 Qe2 35. Rh8+ 1-0

[Event "4th GRENKE Open 2019"]
[Site "Karlsruhe"]
[Date "2019.04.22"]
[Round "8.86"]
[White "Lye, Lik Zang"]
[Black "Imnadze, Nato"]
[Result "1/2-1/2"]
[WhiteElo "2377"]
[BlackElo "2251"]
[Annotator "TA"]
[PlyCount "61"]
[EventDate "2019.04.18"]
[EventType "swiss"]
[EventCountry "GER"]
[SourceTitle "playchess.com"]
[Source "ChessBase"]
[SourceQuality "1"]

1. d4 Nf6 2. c4 e6 3. Nf3 d5 4. Nc3 a6 5. cxd5 exd5 6. Bg5 Be6 7. e3 Nbd7 8. Bd3 Bd6 9. O-O O-O 10. Qc2 h6 11. Bf4 Qe7 12. h3 Rac8 13. Rac1 Rfe8 14. Bxd6 Qxd6 15. Na4 c6 16. Nc5 Nxc5 17. Qxc5 Qb8 18. Ne5 Nd7 19. Nxd7 Bxd7 20. Qb6 Qc7 21. Qxc7 Rxc7 22. Rc3 g6 23. Rfc1 Kg7 24. b4 Kf6 25. a4 h5 26. b5 axb5 27. axb5 Ra8 28. Rc5 Rcc8 29. bxc6 bxc6 30. e4 Rd8 31. exd5 1/2-1/2

[Event "4th GRENKE Open 2019"]
[Site "Karlsruhe"]
[Date "2019.04.22"]
[Round "8.87"]
[White "Chekletsov, Ilya"]
[Black "Yuksel, Atilla Koksal"]
[Result "1-0"]
[WhiteElo "2373"]
[BlackElo "2248"]
[Annotator "NA RC"]
[PlyCount "83"]
[EventDate "2019.04.18"]
[EventType "swiss"]
[EventCountry "GER"]
[SourceTitle "playchess.com"]
[Source "ChessBase"]
[SourceQuality "1"]

1. d4 d5 2. c4 e6 3. Nf3 c6 4. g3 Nd7 5. Bg2 Ngf6 6. O-O b6 7. Nbd2 Bb7 8. Qc2 c5 9. cxd5 Nxd5 10. Ne5 Nxe5 11. dxe5 Qc7 12. Rd1 Nb4 13. Qa4+ Bc6 14. Bxc6+ Qxc6 15. Qb3 O-O-O 16. a3 Qd5 17. Qxd5 Nxd5 18. Ne4 h6 19. b3 Be7 20. Bb2 Rd7 21. Rac1 Kb7 22. Rd3 Rhd8 23. Rf3 Bf8 24. h4 a5 25. a4 Nb4 26. h5 Rd1+ 27. Kg2 R1d7 28. g4 Nc6 29. g5 Nd4 30. Bxd4 cxd4 31. gxh6 gxh6 32. Nf6 Rc7 33. Rxc7+ Kxc7 34. Nh7 f5 35. exf6 Kd7 36. Rg3 Ke8 37. Rg8 Kf7 38. Rxf8+ Rxf8 39. Nxf8 Kxf8 40. Kf3 Kf7 41. Ke4 Kxf6 42. f4 1-0

[Event "4th GRENKE Open 2019"]
[Site "Karlsruhe"]
[Date "2019.04.22"]
[Round "8.91"]
[White "Donchenko, Anatoly"]
[Black "Arcuti, Davide"]
[Result "1-0"]
[WhiteElo "2237"]
[BlackElo "2358"]
[Annotator "NA RC"]
[PlyCount "107"]
[EventDate "2019.04.18"]
[EventType "swiss"]
[EventCountry "GER"]
[SourceTitle "playchess.com"]
[Source "ChessBase"]
[SourceQuality "1"]

1. e4 c6 2. d4 d5 3. e5 Bf5 4. Nf3 e6 5. Nbd2 Qc7 6. Nb3 Nd7 7. Be2 O-O-O 8. Bf4 f6 9. Bg3 fxe5 10. dxe5 c5 11. O-O h6 12. c4 d4 13. Nc1 g5 14. Nd3 Ne7 15. b4 Ng6 16. bxc5 Bxc5 17. Qd2 Rh7 18. Rfd1 Nb8 19. Rab1 Rhd7 20. Nfe1 g4 21. Nxc5 Qxc5 22. Nd3 Qc7 23. Qxh6 Rh8 24. Qg5 Rdh7 25. Bxg4 Ne7 26. Bf3 Nbc6 27. h3 Rg8 28. Qd2 Ng6 29. Rb3 Nh4 30. Ne1 d3 31. Bg4 Bxg4 32. hxg4 Rgh8 33. f4 Nxe5 34. fxe5 Qc5+ 35. Qf2 Nf3+ 36. gxf3 Rh1+ 37. Kg2 R8h2+ 38. Bxh2 Rxh2+ 39. Kxh2 Qxf2+ 40. Ng2 Qxf3 41. Rdxd3 Qxg4 42. Rh3 Qe4 43. Rbe3 Qd4 44. Rh4 Qb2 45. Rh7 Qd4 46. Kh3 a6 47. Rg3 Kb8 48. Rb3 Qxe5 49. Rbxb7+ Ka8 50. Rbf7 Qc3+ 51. Kh2 Qe5+ 52. Nf4 Qb2+ 53. Kg3 Qc3+ 54. Kg4 1-0

[Event "4th GRENKE Open 2019"]
[Site "Karlsruhe"]
[Date "2019.04.22"]
[Round "8.92"]
[White "Giessmann, Stephan"]
[Black "Coenen, Michael"]
[Result "0-1"]
[WhiteElo "2237"]
[BlackElo "2357"]
[Annotator "NA RC"]
[PlyCount "68"]
[EventDate "2019.04.18"]
[EventType "swiss"]
[EventCountry "GER"]
[SourceTitle "playchess.com"]
[Source "ChessBase"]
[SourceQuality "1"]

1. d4 Nf6 2. Nf3 d5 3. c4 e6 4. Nc3 dxc4 5. e3 a6 6. a4 c5 7. Bxc4 Nc6 8. O-O Nb4 9. e4 cxd4 10. Nxd4 Qc7 11. Qe2 Bc5 12. Nb3 Ba7 13. Bg5 Nd7 14. Rfd1 Nc6 15. Qh5 O-O 16. Rd3 Re8 17. Rad1 Nf8 18. Rg3 Ne7 19. Bxe7 Rxe7 20. e5 Ng6 21. Ne4 Rd7 22. Nd6 Qd8 23. Rh3 h6 24. Bxe6 Nf4 25. Bxf7+ Kh8 26. Qf3 Nxh3+ 27. gxh3 Qg5+ 28. Qg3 Re7 29. Qxg5 hxg5 30. e6 Bxe6 31. Bxe6 Rxe6 32. Nf7+ Kg8 33. Nxg5 Re2 34. Rd7 Rxf2 0-1